01491 a2200241 4500003000500000005001700005010001600022020001500038040000900053082001400062100002800076245007400104250001200178260005500190300005700245505058100302650002900883700003300912942002300945999001900968952013600987952012601123Nust20221124121007.0 a 93001996 a0201565536 cNust00a519.4,GER1 aGerald, Curtis F.,910410aApplied numerical analysis / cCurtis F. Gerald, Patrick O. Wheatley. a5th ed. aReading, Mass. :bAddison-Wesley Pub. Co.,cc1994. a1 v. (various pagings) :bill. (some col.) ;c25 cm. aNumerical Computing and Computers (Page-1), Solving Nonlinear Equations (Page-29), Solving Sets of Equations (Page-102), Interpolation and Curve Fitting (Page-210), Numerical Differentiation and Numerical Integration (Page-308), Numerical Solution of Ordinary Differential Equations (Page-393), Boundary Value Problems and Characteristic Value Problems (Page-467), Numerical Solution of Partial Differential Equations (Page-542), Parabolic Partial Differential Equations (Page-616), Hyperbolic Partial-Differential Equations (Page-663), Approximation of Functions (Page-696).  0aNumerical analysis.91031 aWheatley, Patrick O.9103479 2ddccBKk519.4,GER c180596d180596 00102ddc4070aMCSbMCScGENd2016-12-12l1o515,GERpMCS36377r2025-02-10s2024-09-16w2016-12-12yBKzAlmirah No.14, Shelf No.4 00102ddc4070aMCSbMCScGENd2022-11-24l0o519.4,GERpMCS27128r2022-11-24w2022-11-24yBKzAlmirah No.14, Shelf No.4